| 000 | 00666nam a2200229 u 4500 | ||
|---|---|---|---|
| 005 | 20240228064205.0 | ||
| 008 | 150225s1996 ec r 000 0 spa d | ||
| 020 | _a9978803696 | ||
| 035 | _aUPN01000202100 | ||
| 049 | _aI | ||
| 050 | 4 |
_aPZ75 _bH4.5 |
|
| 100 | 1 |
_aHeredia Pacheco, María Fernanda, _d1970- _932779 |
|
| 245 | 1 | 0 |
_aGracias / _cMaría Fernanda Heredia Pacheco. |
| 260 |
_aQuito : _bLibresa, _c1996. |
||
| 300 |
_a26 p. : _bil. col. |
||
| 440 | 0 | _aGarabato | |
| 650 | 4 |
_aLibros y lectura para niños _92290 |
|
| 650 | 4 |
_aVALORES - _vLITERATURA INFANTIL _921634 |
|
| 650 | 4 |
_aRelaciones de familia _96077 |
|
| 905 | _aInfantil | ||
| 999 |
_c174201 _d174201 |
||